00451nam a2200157Ia 450000500170000000800410001708200150005810000170007324500230009026000410011330000130015465000100016794200060017795200950018399900150027820241105005042.0240331s9999 xx 000 0 und d bFORa823  aForster, E.M 2aA passage to India aNew ZealandbPenguin Books Ltdc1978 a335 p ., aNovel cL 001040708LaWERCLbWERCLcSSCd2024-03-31l0o 823 FORp1380r2024-03-31w2024-03-31yL c3341d3341